00353nam a22001097a 4500082003100000100002800031245007000059260005900129300001000188526003700198650000800235 a940.5441bFARcL-30, P-123 aFarrer-Hockley, Anthony aAirborne carpet operation market gardenc Anthony Farrer-Hockley. aUnited States of AmericabAnthony Farrer-Hockleyc1969 a180 P a0b0c0d940_544100000000000_FAR aMCE